L'evangile du Buddha / (Record no. 41176)

MARC details
000 -LEADER
campo de control de longitud fija 00578nam a2200169 i 4500
001 - NÚMERO DE CONTROL
campo de control 41176
003 - IDENTIFICADOR DE NÚMERO DE CONTROL
campo de control ES-MaACL
005 - FECHA Y HORA DE LA ÚLTIMA TRANSACCIÓN
campo de control 20230906160403.0
007 - CAMPO FIJO DE DESCRIPCIÓN FÍSICA--INFORMACIÓN GENERAL
campo de control de longitud fija t|
008 - DATOS DE LONGITUD FIJA--INFORMACIÓN GENERAL
campo de control de longitud fija 030310s1902 fr ||||1| fre d
100 1# - ENTRADA PRINCIPAL--NOMBRE DE PERSONA
Nombre de persona Carus, Paul.
9 (RLIN) 35919
245 12 - MENCIÓN DEL TÍTULO
Título L'evangile du Buddha /
Mención de responsabilidad, etc. raconté d'apres les anciens documents par Paul Carus ; traduit de l'anglais avec autorisation de l'auteur par L. de Milloue.
260 ## - PUBLICACIÓN, DISTRIBUCIÓN, ETC.
Lugar de publicación, distribución, etc. [S.l. :
Nombre del editor, distribuidor, etc. s.n.,
Fecha de publicación, distribución, etc. 1902] (
Lugar de fabricación/manufactura Angers :
Fabricante Imp. A. Burdin et Cº)
300 ## - DESCRIPCIÓN FÍSICA
Extensión XVIII, 23 p. ;
Dimensiones 18 cm.
700 1# - ENTRADA AGREGADA--NOMBRE PERSONAL
Nombre de persona Milloue, L.
9 (RLIN) 81273
852 ## - LOCALIZACIÓN
Ubicación ES-MaACL
Número de control de estantería D-731
Holdings
Estatus retirado Estado de pérdida Estado de daño No para préstamo Biblioteca de origen Biblioteca actual Ubicación en estantería Fecha de adquisición Fuente de adquisición Total de préstamos Signatura topográfica completa Código de barras Visto por última vez Precio de reemplazo Tipo de ítem Koha
        Biblioteca del Ateneo de Madrid Biblioteca del Ateneo de Madrid Sala Valle Inclán 17/01/2008     D-731 901043350 23/02/2023 23/02/2023 Libro impreso